|
|
|
|
| LEADER |
00000nam0a2200000 4500 |
| 001 |
162996 |
| 005 |
20231031160631.0 |
| 035 |
|
|
|a (RuTPU)RU\TPU\book\176786
|
| 090 |
|
|
|a 162996
|
| 100 |
|
|
|a 20090630d1972 m y0rusy50 ca
|
| 101 |
0 |
|
|a rus
|
| 102 |
|
|
|a RU
|
| 105 |
|
|
|a a z 000zy
|
| 200 |
1 |
|
|a Альбом чертежей и спецификаций
|f Министерство тяжелого, энергетического и транспортного машиностроения
|
| 210 |
|
|
|a Москва
|d 1972
|
| 215 |
|
|
|a 168 с.
|c черт.
|
| 610 |
1 |
|
|a черчение
|
| 610 |
1 |
|
|a чертежи
|
| 610 |
1 |
|
|a щиты
|
| 610 |
1 |
|
|a ящики
|
| 610 |
1 |
|
|a конструкции
|
| 610 |
1 |
|
|a спецификация
|
| 610 |
1 |
|
|a крышки
|
| 610 |
1 |
|
|a угольники
|
| 675 |
|
|
|a 744(084)
|v 3
|
| 712 |
0 |
1 |
|a СССР
|b Министерство тяжелого, энергетического и транспортного машиностроения (Минтяжмаш)
|2 stltpush
|3 (RuTPU)RU\TPU\col\15742
|
| 801 |
|
1 |
|a RU
|b 63413507
|c 20090630
|g PSBO
|
| 801 |
|
2 |
|a RU
|b 63413507
|c 20100624
|g RCR
|
| 942 |
|
|
|c BK
|